000 00455nam a22001457a 4500
082 _aT-79
100 _aMuhammad Tariq Masood, Major
_948454
245 _aPrediction of shear strength in high strength concrete beams with out web reinforcement
_cMuhammad Tariq Masood, Major
260 _aRisalpur
_bMCE
_c2000
300 _a99 P, :
526 _a0
_b0
_c0
_dT_79
650 _aThesis
_934811
700 _aLt Col (Dr) Gulfam Alam
_948422
942 _2ddc
_cBK
999 _c551401
_d551401